Statistics for Superheros

Click here to take the quiz!

General Stats

  • This quiz has been taken 46 times
    (38 since last reset)
  • The average score is 8 of 9

Answer Stats

Answer% Correct
batman
100%
hulk
100%
spiderman
100%
superman
100%
captain america
97%
wonder woman
97%
ant-man
94%
batgirl
94%
black panther
44%

Score Distribution

Percentile by Number Answered

Percent of People with Each Score

Your Score History

You have not taken this quiz since the last reset